Statistiques concernant Star Academy

Cliquez ici pour prendre le quiz!

Statistiques générales

  • Ce quiz a été pris 55 fois
  • Le résultat moyen est 1 sur 119

Statistiques - réponses

HintRéponse% Correct
4Grégory
26%
2Isabelle
15%
7Claudia
9%
2Emma
7%
7Alexandra
4%
7Claire-Marie
4%
1Jenifer
4%
2Alexandre
2%
7Alexia
2%
3Anne
2%
2Anne-Laure
2%
1Catherine
2%
6Céline
2%
6Cynthia
2%
3Edouard
2%
5Emilie
2%
4Emilie
2%
4Enrique
2%
2Fabien
2%
6Fafa
2%
2Florence
2%
2Georges-Alain
2%
1Grégory
2%
4Hoda
2%
5Jean-Luc
2%
5Jérémy
2%
1Jessica
2%
6Laurent
2%
4Lucie
2%
5Magalie
2%
1Mario
2%
3Marjorie
2%
7Maureen
2%
6Nicolas
2%
2Nolwenn
2%
2Philippe
2%
7Pierre
2%
3Romain
2%
1Stéphane
2%
4Tina
2%
5Alexia
0%
1Amandine
0%
3Amina
0%
7Antoine
0%
5Arno
0%
2Aurélie
0%
6Bastien
0%
7Bertrand
0%
6Brice
0%
1Carine
0%
1Cécile
0%
5Chloé
0%
6Cyril
0%
6David
0%
1Djalil
0%
7Dojima
0%
6Dominique
0%
6Elfy
0%
3Elodie
0%
6Eloïsha
0%
5Ely
0%
2Eva
0%
7Eva
0%
6Faustine
0%
4Francesca
0%
1François
0%
6Gaël
0%
4Gauthier
0%
5Grégoire
0%
4Harlem
0%
2Houcine
0%
3Icaro
0%
6Jean-Charles
0%
1Jean-Pascal
0%
2Jérémy
0%
7Jérémy
0%
5Jill
0%
4John
0%
6Judith
0%
4Karima
0%
1Khalifa
0%
5Laure
0%
4Lennie
0%
7Lucie
0%
6Ludovic
0%
3Lukas
0%
6Marina
0%
7Mathieu
0%
4Mathieu
0%
5Maud
0%
3Michaël
0%
5Michaël
0%
3Michal
0%
5Moïses
0%
4Morgan
0%
3Morganne
0%
5Nassim
0%
2Nazim
0%
5Neïssa
0%
7Noémie
0%
1Olivia
0%
5Pascal
0%
1Patrice
0%
3Patxi
0%
5Pierre
0%
3Pierre
0%
7Quentin
0%
4Radia
0%
2Rudy
0%
4Sandy
0%
4Sébastien
0%
7Sevan
0%
1Sidonie
0%
3Sofia
0%
4Sofiane
0%
3Stéphanie
0%
2Stéphanie
0%
3Valérie
0%
7Yaëlle
0%

Distribution des résultats

Percentile par nombre de réponses

% des personnes avec chaque résultat

Votre développement - résultats

Vous n’avez pas pris ce quiz